000 00851nam a2200265Ia 4500
003 OSt
005 20221005062313.0
006 a|||||r|||| 00| 0
007 ta
008 221004b |||||||| |||| 00| 0 eng d
020 _a0415356075 (hbk)
_c6947.00
024 _a86550
037 _b107, 17/10/2007, Prachi Book Distributors
_cTextual
040 _aCRL
_cCRL
_beng
041 _2eng
_aeng
082 _aV1N49:19(zS).P1, P5
100 _aForster Peter Kent
_9601661
245 0 _aU. S. Nato and military burden sharing
260 _aLondon
_bRoutledge UK
_c2005
300 _axii, 188p.
_ccm.
650 _aHISTORY
700 _a Cimbala Stephen J.
_9142061
942 _hV1N49:19(zS).P1, P5
_cTEXL
_2cc
999 _c969485
_d969485